Normal view
MARC view
- Religions
Entry Topical Term
001 - CONTROL NUMBER
- control field: 27556
003 - CONTROL NUMBER IDENTIFIER
- control field: IN-BhIIT
005 - DATE AND TIME OF LATEST TRANSACTION
- control field: 20260317122506.0
008 - FIXED-LENGTH DATA ELEMENTS
- fixed length control field: 260317|| aca||aabn | a|a d
040 ## - CATALOGING SOURCE
- Original cataloging agency: IN-BhIIT
- Transcribing agency: IN-BhIIT
150 ## - HEADING--TOPICAL TERM
- Topical term or geographic name entry element: Religions
- General subdivision: Religious life
670 ## - SOURCE DATA FOUND
- Source citation: Work cat.: (IN-BhIIT)15445: Das, Gauranga Author 24355, The art of focus : , 2022.